| 000 | 02718nam a2200337 a 4500 | ||
|---|---|---|---|
| 001 | BRCA_3330 | ||
| 005 | 20190320204228.0 | ||
| 008 | 240309s1881----enk#---###---#000-0#eng-# | ||
| 041 | _aeng | ||
| 044 | _aenk | ||
| 084 |
_a624 _b.K44 _c1881 |
||
| 100 | 1 |
_aCervantes Saavedra, Miguel de _d1547-1616 _9213 |
|
| 245 | 1 | 0 |
_aThe Ingenious Knight Don Quixote de la Mancha _cComposed by Miguel de Cervantes Saavedra. Dedicated to the Duke de Béjar... |
| 260 |
_aLondres _bC. Kegan Paul and Co. _c1881 |
||
| 300 |
_a3 v. _c23 cm. |
||
| 500 | _aContenido : v.1. Primera parte. Dedicatoria del traductor. Vida de Cervantes y notas sobre esta y otras traducciones. Advertencia sobre las notas y comentarios, sobre las mujeres cervantinas, sobre los libros de caballería, sobre los nombres propios por Duffield. Dedicatoria y prólogo de Cervantes. Notas sobre el título. Notas sobre el prólogo. Papel de los versos preliminares y notas a estos últimos. -- v.2. Texto. Segunda parte. Nota del traductor. Dedicatoria y prólogo de Cervantes. Nota al prólogo y aprobación de Márquez Torres. -- v.3. Texto. Poesía de G. Chaucer | ||
| 500 | _aEdición : A New Translation from the Originals of 1605 and 1608, by Alexander James Duffiel, with some of the Notes of J. Bowle, J. A. Pellicer, D. Clemencín and Another Commentators | ||
| 500 | _aTraducción de A. J. Duffield quien tomo por modelo para la versión del texto las ediciones de Cuesta de 1605, 1608 y 1615, acompañándolo con las notas y comentarios de J. Bowle, Pellicer, Clemencín, Días de Benjumea y otros, amen de los suyos. Aunque esta traducción carece de la elegancia que distingue a la de Motteux, por contener los preliminares, las dedicatorias y prólogos, incluso el mote del escudo, es decir todas las materias de la edición princípe, es una de las mas concienzudamente hechas, y el traductor, por sus eruditos comentarios demuestra tener una gran cultura y profundo conocimiento de la obra cervantina. Mira más al aspecto del contenido que al de la forma. Se la considera, como una de las mejores versiones inglesas. Tela Lúdovik Osterc | ||
| 500 | _aQM482 | ||
| 546 | _aTexto en : inglés | ||
| 650 | 1 | 4 |
_aNovela española _yÉpoca clásica, 1500-1700 _9215 |
| 650 | 1 | 4 |
_aLiteratura española _yÉpoca clásica, 1500-1700 _9216 |
| 650 | 1 | 4 |
_aNovela española _ySiglo XVII _9217 |
| 650 | 1 | 4 |
_aDon Quijote (Personaje ficticio) _eNovela _9218 |
| 700 | 1 |
_aDuffield, Alexander James _d1821-1890 _eTraductor _98798 |
|
| 700 | 1 |
_aBowle, John _d1725-1788 _eAnotador _98799 |
|
| 700 | 1 |
_aPellicer y Pilares, Juan Antonio _d1738-1806 _eAnotador _98800 |
|
| 740 | 0 | _aEl Ingenioso Hidalgo Don Quijote de la Mancha | |
| 902 | _aQFM | ||
| 942 |
_2lcc _cB |
||
| 999 |
_c3066 _d3066 |
||